000 01629cam a2200385 a 4500
001 16220370
003 OSt
005 20230921143323.0
008 100506s2011 enk b 001 0 eng
010 _a 2010018497
020 _a9780415582742 (hbk)
020 _a0415582741 (hbk)
020 _a9780415582759 (pbk)
020 _a041558275X (pbk)
020 _a9780203839942 (ebk)
020 _a0203839943 (ebk)
035 _a(OCoLC)ocn612962302
040 _aDLC
_cDLC
_dYDX
_dYDXCP
_dBWX
_dCDX
_dDLC
050 0 0 _aD16.8
_b.S737 2011
082 0 0 _a909
_bSTE/W
100 _aStearns, Peter N
_92928
245 1 0 _aWorld history :
_bthe basics /
_cPeter N. Stearns.
260 _aLondon ;
_aNew York :
_bRoutledge,
_c2011.
300 _a202 p. ;
_c21 cm.
490 1 _aThe basics
504 _aIncludes bibliographical references and index.
505 0 _aIntroduction : what and why is world history? -- A world history skeleton -- Habits of mind in world history -- Managing time : choosing and evaluating world history periods -- Managing space : world history regions and civilizations -- Contacts and the structure of world history -- Topics in world history -- Disputes in world history -- World history in the contemporary era.
650 0 _aWorld history.
650 0 _aHistory
_xPhilosophy.
650 0 _aHistory
_xStudy and teaching.
830 0 _aBasics (Routledge (Firm))
906 _a7
_bcbc
_corignew
_d1
_eecip
_f20
_gy-gencatlg
942 _2ddc
_cBK
_h909
_iSTE/W
_k909
_mSTE/W
999 _c42227
_d42227